[Event "CZE-ch (Women)"]
[Site "Frydek Mistek"]
[Date "2021.09.14"]
[Round "4"]
[White "Laurincova, Kristyna"]
[Black "Petrova, Kristyna"]
[Result "0-1"]
[WhiteElo "2070"]
[BlackElo "2285"]
[PlyCount "144"]
[EventDate "2021.09.11"]
[EventType "tourn"]
[EventRounds "9"]
[EventCountry "CZE"]
[SourceTitle "CBM 204 Extra"]
[Source "ChessBase"]
[SourceDate "2021.11.30"]
[SourceVersion "1"]
[SourceVersionDate "2021.11.30"]
[SourceQuality "1"]

1. e4 c5 2. Nf3 Nc6 3. d4 cxd4 4. Nxd4 e5 5. Nb5 d6 6. c4 Be7 7. N5c3 Nf6 8. Be2 0-0 9. Be3 Be6 10. 0-0 Rc8 11. f3 a6 12. Qd2 Nd4 13. Bxd4 exd4 14. Nd5 Nxd5 15. cxd5 Bd7 16. Na3 f5 17. Rad1 fxe4 18. fxe4 Rxf1+ 19. Kxf1 Qc7 20. Qxd4 Bf6 21. Qd2 b5 22. Kg1 Be5 23. Kh1 Qc5 24. Rf1 Qc7 25. Bd3 Rf8 26. Rxf8+ Kxf8 27. b3 Qd8 28. Qf2+ Kg8 29. Nc2 Qa5 30. Ne1 Qc3 31. Bf1 h6 32. Nf3 Bf6 33. Qd2 Qa1 34. Kg1 Bg4 35. Kf2 Bxf3 36. gxf3 Qe5 37. Ke1 Bh4+ 38. Kd1 Bg5 39. Qc2 Qd4+ 40. Ke2 Qe3+ 41. Kd1 Qxf3+ 42. Qe2 Qc3 43. Qc2 Qd4+ 44. Ke2 Qe3+ 45. Kd1 Qf3+ 46. Qe2 Qf4 47. Kc2 Qc1+ 48. Kd3 Bf6 49. Qg2 Qd1+ 50. Ke3 Bd4+ 51. Kf4 Qc1+ 52. Kf5 Be5 53. Kg4 Qf4+ 54. Kh5 Qf7+ 55. Kg4 h5+ 56. Kh4 g6 57. Kh3 Kg7 58. Be2 Qf4 59. Qg3 Qc1 60. Qf3 Qd2 61. a4 bxa4 62. bxa4 a5 63. Kg2 Qc2 64. Qd3 Qxa4 65. Qc4 Qxc4 66. Bxc4 a4 67. h3 Kf6 68. Kf3 Kg5 69. Ba2 Kh4 70. Kg2 a3 71. Bb3 g5 72. Bc4 g4 0-1

[Event "Pardubice Czech op-A 32nd"]
[Site "Pardubice"]
[Date "2021.07.25"]
[Round "3"]
[White "Slovak, Kilian"]
[Black "Laurincova, Kristyna"]
[Result "1-0"]
[WhiteElo "2216"]
[BlackElo "1986"]
[PlyCount "127"]
[EventDate "2021.07.23"]
[EventType "swiss"]
[EventRounds "9"]
[EventCountry "CZE"]
[SourceTitle "CBM 203 Extra"]
[Source "ChessBase"]
[SourceDate "2021.09.30"]
[SourceVersion "1"]
[SourceVersionDate "2021.09.30"]
[SourceQuality "1"]

1. e4 c5 2. Nf3 Nf6 3. e5 Nd5 4. c3 Nc6 5. d4 cxd4 6. cxd4 d6 7. Bc4 dxe5 8. dxe5 Ndb4 9. Qxd8+ Nxd8 10. Na3 Be6 11. Bxe6 Nxe6 12. Bd2 Nd3+ 13. Kf1 g6 14. Bc3 Bg7 15. g3 0-0-0 16. Ke2 Rd5 17. Rhd1 Rhd8 18. Nc4 Nec5 19. Ba5 b6 20. Bxb6 axb6 21. Nxb6+ Kc7 22. Nxd5+ Rxd5 23. b4 Nxb4 24. Rxd5 Nxd5 25. Rc1 Kb6 26. Nd2 g5 27. a3 h6 28. Rc2 Kb5 29. Nf3 Ne6 30. Kd3 Ka4 31. Ke4 Nec7 32. Rd2 e6 33. Nd4 g4 34. Rd3 Na6 35. Nb3 f5+ 36. exf6 Bxf6 37. f4 Nc3+ 38. Ke3 Kxb3 39. Rd7 Nc5 40. Rh7 Kc2 41. Rxh6 Nd5+ 42. Ke2 Bd4 43. h3 Ne4 44. hxg4 Nd2 45. Rxe6 Nc3+ 46. Ke1 Nce4 47. g5 Kd3 48. g6 Bf2+ 49. Kd1 Nc3+ 50. Kc1 Nc4 51. Re8 Na2+ 52. Kb1 Nc3+ 53. Kc1 Na2+ 54. Kb1 Nc3+ 55. Ka1 Nd2 56. Rd8+ Bd4 57. Rxd4+ Kxd4 58. g7 Kd3 59. g8Q Kc2 60. f5 Nb3+ 61. Qxb3+ Kxb3 62. f6 Nb5 63. f7 Nd4 64. f8Q 1-0

[Event "EU-Cup Online Gr-G"]
[Site "Tornelo INT"]
[Date "2021.03.27"]
[Round "1.4"]
[White "Laurincova, Kristyna"]
[Black "Zawadzka, Jolanta"]
[Result "0-1"]
[WhiteElo "2008"]
[BlackElo "2399"]
[PlyCount "52"]
[EventDate "2021.03.27"]
[EventType "team-tourn (rapid)"]
[EventRounds "9"]
[EventCountry "NET"]
[SourceTitle "CBM 201 Extra"]
[Source "ChessBase"]
[SourceDate "2021.05.31"]
[SourceVersion "1"]
[SourceVersionDate "2021.05.31"]
[SourceQuality "1"]
[WhiteTeam "Frydek Mistek"]
[BlackTeam "Wroclaw Polonia"]
[WhiteTeamCountry "CZE"]
[BlackTeamCountry "POL"]

1. e4 e5 2. Nf3 Nc6 3. Bb5 a6 4. Ba4 Nf6 5. 0-0 b5 6. Bb3 Bc5 7. c3 d6 8. d4 Bb6 9. h3 h6 10. Re1 0-0 11. Be3 exd4 12. cxd4 Na5 13. e5 Nxb3 14. Qxb3 Be6 15. Qa3 Nd5 16. exd6 cxd6 17. Nbd2 Qd7 18. Ne4 f5 19. Nxd6 b4 20. Qd3 Qxd6 21. Ne5 Nxe3 22. fxe3 Bd5 23. Nc4 Qe6 24. Nxb6 Qxb6 25. Rac1 Qe6 26. Rc5 Rfe8 0-1

[Event "Titled Tuesday intern op 06th Oct"]
[Site "Chess.com INT"]
[Date "2020.10.06"]
[Round "1"]
[White "Laurincova, Kristyna"]
[Black "Perera Alfonso, Rene Humberto"]
[Result "0-1"]
[WhiteElo "2052"]
[BlackElo "2354"]
[PlyCount "64"]
[EventDate "2020.10.06"]
[EventType "swiss (blitz)"]
[EventRounds "10"]
[EventCountry "USA"]
[SourceTitle "CBM 198 Extra"]
[Source "ChessBase"]
[SourceDate "2020.11.30"]
[SourceVersion "1"]
[SourceVersionDate "2020.11.30"]
[SourceQuality "1"]

1. e4 d5 2. exd5 Nf6 3. d4 Qxd5 4. Nf3 Bg4 5. Nbd2 Nc6 6. Bc4 Bxf3 7. Qxf3 Qxd4 8. 0-0 e6 9. Bb5 Qb6 10. a4 Be7 11. Nc4 Qc5 12. Be3 Qd5 13. Bxc6+ bxc6 14. Qe2 0-0 15. Rfd1 Qf5 16. Bd4 Rfd8 17. Ne5 Rd6 18. Qc4 Rad8 19. Nxc6 R8d7 20. Nxe7+ Rxe7 21. Bxa7 h6 22. Bc5 Rxd1+ 23. Rxd1 Re8 24. a5 Ne4 25. Be3 Nd6 26. Qc5 Qg4 27. Ra1 Ne4 28. a6 Nxc5 29. Bxc5 Qc4 30. Be3 Ra8 31. a7 c5 32. c3 Qb5 0-1

[Event "CZE-ch"]
[Site "Plzen"]
[Date "2020.08.26"]
[Round "4"]
[White "Laurincova, Kristyna"]
[Black "Joukl, Zdenek"]
[Result "1-0"]
[WhiteElo "2008"]
[BlackElo "2062"]
[PlyCount "113"]
[EventDate "2020.08.23"]
[EventType "swiss"]
[EventRounds "9"]
[EventCountry "CZE"]
[SourceTitle "CBM 198 Extra"]
[Source "ChessBase"]
[SourceDate "2020.11.30"]
[SourceVersion "1"]
[SourceVersionDate "2020.11.30"]
[SourceQuality "1"]

1. e4 c6 2. d4 d5 3. Nc3 dxe4 4. Nxe4 Nf6 5. Nxf6+ gxf6 6. Nf3 Bf5 7. Bd3 e6 8. Bxf5 Qa5+ 9. c3 Qxf5 10. 0-0 Rg8 11. Nd2 Bd6 12. Qf3 Qxf3 13. Nxf3 Na6 14. Re1 0-0-0 15. Re4 c5 16. Be3 Kb8 17. Rh4 Rg7 18. Bf4 Bxf4 19. Rxf4 f5 20. Rd1 Nc7 21. Rd2 cxd4 22. Rfxd4 Rxd4 23. Rxd4 Kc8 24. Ne5 f6 25. Nc4 Nb5 26. Nd6+ Nxd6 27. Rxd6 Re7 28. Kf1 Kc7 29. Rd3 Rg7 30. g3 h5 31. Rd4 Rg4 32. Rd3 Rg8 33. h3 b6 34. Rd4 Rd8 35. Rxd8 Kxd8 36. Ke2 Ke7 37. Kd3 Kd6 38. Kc4 a6 39. a4 Kc6 40. b3 Kd6 41. Kb4 Kc6 42. a5 b5 43. c4 bxc4 44. Kxc4 e5 45. b4 e4 46. h4 f4 47. gxf4 f5 48. b5+ axb5+ 49. Kb4 e3 50. fxe3 Kd5 51. Kxb5 Ke4 52. a6 Kxe3 53. a7 Kxf4 54. a8Q Kg3 55. Qh1 f4 56. Kc4 Kf2 57. Kd3 1-0

[Event "CZE-ch"]
[Site "Plzen"]
[Date "2020.08.25"]
[Round "3"]
[White "Nemec, Jachym"]
[Black "Laurincova, Kristyna"]
[Result "1-0"]
[WhiteElo "2150"]
[BlackElo "2008"]
[PlyCount "63"]
[EventDate "2020.08.23"]
[EventType "swiss"]
[EventRounds "9"]
[EventCountry "CZE"]
[SourceTitle "CBM 198 Extra"]
[Source "ChessBase"]
[SourceDate "2020.11.30"]
[SourceVersion "1"]
[SourceVersionDate "2020.11.30"]
[SourceQuality "1"]

1. d4 Nf6 2. Nf3 g6 3. c4 Bg7 4. Nc3 d5 5. Bf4 0-0 6. Rc1 c6 7. e3 Qa5 8. Bd3 Ne4 9. Bxe4 dxe4 10. Ng5 f5 11. Qb3 Qb6 12. Nb5 Qa5+ 13. Rc3 c5 14. h4 Nc6 15. 0-0 e5 16. dxe5 Nxe5 17. Rd1 h6 18. Nh3 Be6 19. Bxe5 Bxe5 20. Rcc1 Rad8 21. Nf4 Bxf4 22. exf4 Rd2 23. Nc3 Rfd8 24. Rxd2 Rxd2 25. Qxb7 Qd8 26. Qc6 Bf7 27. Qxc5 Qxh4 28. Nd5 Rxb2 29. Qd4 e3 30. Nf6+ Qxf6 31. Qxf6 exf2+ 32. Kf1 1-0

[Event "Prague Summer op 7th"]
[Site "Prague"]
[Date "2020.08.08"]
[Round "1"]
[White "Laurincova, Kristyna"]
[Black "Kulhanek, Tomas"]
[Result "1-0"]
[WhiteElo "2008"]
[BlackElo "2339"]
[PlyCount "103"]
[EventDate "2020.08.08"]
[EventType "swiss"]
[EventRounds "9"]
[EventCountry "CZE"]
[SourceTitle "CBM 197 Extra"]
[Source "ChessBase"]
[SourceDate "2020.09.30"]
[SourceVersion "1"]
[SourceVersionDate "2020.09.30"]
[SourceQuality "1"]

1. e4 e6 2. d4 d5 3. Nd2 Nf6 4. e5 Nfd7 5. Bd3 c5 6. c3 Nc6 7. Ne2 cxd4 8. cxd4 f6 9. exf6 Qxf6 10. Nf3 h6 11. 0-0 Bd6 12. Be3 0-0 13. Rc1 Rd8 14. Ng3 Nf8 15. Re1 Bd7 16. a3 Be8 17. Qd2 a6 18. h3 Bg6 19. Nh2 Bxd3 20. Qxd3 Rac8 21. Qd2 Kh8 22. Rc3 Rc7 23. Nh5 Qf7 24. Bf4 Bxf4 25. Nxf4 Qf6 26. Ng4 Qf5 27. Ne5 Rdc8 28. Rec1 Kg8 29. Qe3 Qf6 30. b4 Qe7 31. Nxc6 bxc6 32. Qe5 Qf6 33. Qe3 Qf5 34. Re1 a5 35. bxa5 Ra7 36. Nd3 Rxa5 37. Nc5 Rb5 38. a4 Rb2 39. Rb3 Ra2 40. Ra3 Qc2 41. Ra1 Rxa1+ 42. Rxa1 Qb2 43. Ra3 e5 44. dxe5 d4 45. Qb3+ Qxb3 46. Rxb3 Ra8 47. Rb6 Ng6 48. e6 Ne7 49. Kf1 Ra5 50. Nd7 g5 51. Rb4 Rd5 52. Nf6+ 1-0

[Event "Titled Tuesday intern op 21st April"]
[Site "Chess.com INT"]
[Date "2020.04.21"]
[Round "5"]
[White "Laurincova, Kristyna"]
[Black "Lauridsen, Jesper Morch"]
[Result "0-1"]
[WhiteElo "1987"]
[BlackElo "2225"]
[PlyCount "50"]
[EventDate "2020.04.21"]
[EventType "swiss (blitz)"]
[EventRounds "10"]
[EventCountry "USA"]
[SourceTitle "EXT 2021"]
[Source "ChessBase"]
[SourceDate "2020.10.23"]
[SourceVersion "1"]
[SourceVersionDate "2020.10.23"]
[SourceQuality "1"]

1. e4 c5 2. Nf3 e6 3. d4 cxd4 4. Nxd4 Nc6 5. Nc3 Qc7 6. Be3 a6 7. Nxc6 bxc6 8. Na4 Rb8 9. Bc4 Qa5+ 10. c3 d5 11. exd5 cxd5 12. Bb3 Nf6 13. Qd4 Bd6 14. 0-0 0-0 15. Rfe1 Bd7 16. Bg5 Ne4 17. Be3 Qc7 18. h3 Bh2+ 19. Kh1 Be5 20. Qd3 Bxa4 21. Bxa4 Rxb2 22. Qxa6 Nxf2+ 23. Bxf2 Rxf2 24. Rab1 Qxc3 25. Rbc1 Qg3 0-1

[Event "EU-chT U18 Girls"]
[Site "Pardubice"]
[Date "2019.07.17"]
[Round "7.2"]
[White "Laurincova, Kristyna"]
[Black "Ozturk, Nil"]
[Result "1-0"]
[WhiteElo "2010"]
[BlackElo "1345"]
[PlyCount "123"]
[EventDate "2019.07.11"]
[EventType "team-swiss"]
[EventRounds "7"]
[EventCountry "CZE"]
[SourceTitle "CBM 191 Extra"]
[Source "ChessBase"]
[SourceDate "2019.09.30"]
[SourceVersion "1"]
[SourceVersionDate "2019.09.30"]
[SourceQuality "1"]
[WhiteTeam "Czech Republic U18 Girls II"]
[BlackTeam "Turkey U18 Girls"]
[WhiteTeamCountry "CZE"]
[BlackTeamCountry "TUR"]

1. e4 e5 2. Nf3 Nc6 3. Bb5 a6 4. Ba4 d6 5. h3 Bd7 6. c3 g6 7. 0-0 Bg7 8. Re1 Nge7 9. d4 0-0 10. d5 Nb8 11. Bxd7 Nxd7 12. a4 h6 13. a5 f5 14. Nbd2 Kh7 15. Ra3 f4 16. Nf1 Nf6 17. c4 Qd7 18. b4 g5 19. N1h2 Ng6 20. Bb2 Rg8 21. Rc3 Bf8 22. Kh1 Rc8 23. Qc2 Be7 24. c5 Qb5 25. Rc4 Rge8 26. Rc1 Bf8 27. Ba3 Kg8 28. c6 Re7 29. cxb7 Qxb7 30. Rc6 Ne8 31. Qc4 Ra8 32. Rb1 Qb5 33. Qxb5 axb5 34. Bb2 Kf7 35. Ra1 Rd7 36. a6 Ne7 37. Rc3 Nc8 38. Nd2 Nb6 39. Ra5 Nc8 40. Rca3 Na7 41. Nb1 Rdd8 42. Nc3 Rdb8 43. Bc1 Rb6 44. Bd2 Ke7 45. f3 Nf6 46. Be1 c5 47. dxc6 Nxc6 48. Rxb5 Raxa6 49. Rxb6 Rxb6 50. b5 Nb8 51. Ra7+ Nbd7 52. Ng4 Ke8 53. Nxf6+ Nxf6 54. Bf2 Rb8 55. b6 Be7 56. Nb5 Kd8 57. Nc7 Kc8 58. Na6 Rb7 59. Ra8+ Kd7 60. Nb8+ Ke6 61. Nc6 Nd7 62. Ra7 1-0

[Event "EU-chT U18 Girls"]
[Site "Pardubice"]
[Date "2019.07.12"]
[Round "2.1"]
[White "Ferkova, Dominika"]
[Black "Laurincova, Kristyna"]
[Result "1-0"]
[WhiteElo "2009"]
[BlackElo "2010"]
[PlyCount "77"]
[EventDate "2019.07.11"]
[EventType "team-swiss"]
[EventRounds "7"]
[EventCountry "CZE"]
[SourceTitle "CBM 191 Extra"]
[Source "ChessBase"]
[SourceDate "2019.09.30"]
[SourceVersion "1"]
[SourceVersionDate "2019.09.30"]
[SourceQuality "1"]
[WhiteTeam "Slovakia U18 Girls"]
[BlackTeam "Czech Republic U18 Girls II"]
[WhiteTeamCountry "SVK"]
[BlackTeamCountry "CZE"]

1. d4 Nf6 2. c4 g6 3. Nc3 d5 4. cxd5 Nxd5 5. e4 Nxc3 6. bxc3 Bg7 7. Bc4 c5 8. Ne2 0-0 9. 0-0 Nc6 10. Be3 Qc7 11. Bb3 Rd8 12. d5 Na5 13. Bf4 Qd7 14. Rb1 b5 15. Bc2 Bb7 16. a4 a6 17. axb5 axb5 18. Be3 Rac8 19. Bd3 Nc4 20. Bxc4 bxc4 21. Rb6 Bc6 22. Qc1 Ba4 23. Qa3 Qc7 24. Ra6 Bc2 25. Ng3 Qe5 26. Bxc5 Bxe4 27. Bxe7 Bd3 28. Bxd8 Bxf1 29. Ra8 Bd3 30. h3 Bf8 31. Qa6 Rxa8 32. Qxa8 Qxc3 33. d6 Kg7 34. d7 Qe1+ 35. Kh2 Qxf2 36. Bf6+ Qxf6 37. d8Q Qxd8 38. Qxd8 Bc5 39. Qd5 1-0

[Event "EU-chT U18 Girls"]
[Site "Pardubice"]
[Date "2019.07.11"]
[Round "1.2"]
[White "Laurincova, Kristyna"]
[Black "Krasteva, Beloslava"]
[Result "0-1"]
[WhiteElo "2010"]
[BlackElo "2327"]
[PlyCount "108"]
[EventDate "2019.07.11"]
[EventType "team-swiss"]
[EventRounds "7"]
[EventCountry "CZE"]
[SourceTitle "CBM 191 Extra"]
[Source "ChessBase"]
[SourceDate "2019.09.30"]
[SourceVersion "1"]
[SourceVersionDate "2019.09.30"]
[SourceQuality "1"]
[WhiteTeam "Czech Republic U18 Girls II"]
[BlackTeam "Sofia U18 Girls"]
[WhiteTeamCountry "CZE"]
[BlackTeamCountry "BUL"]

1. e4 c5 2. Nf3 d6 3. d4 cxd4 4. Nxd4 Nf6 5. Nc3 a6 6. Bc4 e6 7. Bb3 b5 8. 0-0 Be7 9. Qf3 Qc7 10. Qg3 0-0 11. Bh6 Ne8 12. Rad1 Bd7 13. f4 Nc6 14. Nxc6 Bxc6 15. f5 Kh8 16. f6 gxh6 17. fxe7 Qxe7 18. Qf2 Ng7 19. Qd4 Rad8 20. Rf6 b4 21. Ne2 Bxe4 22. Rdf1 d5 23. Qe5 Kg8 24. Nd4 Qd6 25. Qxd6 Rxd6 26. Rxh6 Bg6 27. Rh4 a5 28. Nf3 Nf5 29. Rf4 Ne3 30. Rf2 Nd1 31. Rf1 Nxb2 32. Ne5 a4 33. Nxg6 hxg6 34. Rb1 axb3 35. axb3 d4 36. Rxb2 e5 37. Re4 Re8 38. Ra2 f5 39. Rh4 Kg7 40. Ra7+ Kf6 41. Rc7 e4 42. Kf1 d3 43. cxd3 Rxd3 44. Rh3 Rxh3 45. gxh3 Ke5 46. Rb7 Kf4 47. Rxb4 Kf3 48. Rc4 Ra8 49. Ra4 Rxa4 50. bxa4 e3 51. a5 e2+ 52. Ke1 Ke3 53. a6 f4 54. a7 f3 0-1

[Event "Vsetin op 44th"]
[Site "Vsetin"]
[Date "2019.07.02"]
[Round "4"]
[White "Laurincova, Kristyna"]
[Black "Havelka, Ondrej"]
[Result "1/2-1/2"]
[WhiteElo "1984"]
[BlackElo "2163"]
[PlyCount "220"]
[EventDate "2019.06.29"]
[EventType "swiss"]
[EventRounds "9"]
[EventCountry "CZE"]
[SourceTitle "CBM 191 Extra"]
[Source "ChessBase"]
[SourceDate "2019.09.30"]
[SourceVersion "1"]
[SourceVersionDate "2019.09.30"]
[SourceQuality "1"]

1. e4 e6 2. d4 d5 3. Nd2 Be7 4. Bd3 c5 5. dxc5 Nf6 6. exd5 Qxd5 7. Ngf3 Nbd7 8. 0-0 0-0 9. Qe2 Nxc5 10. Bc4 Qh5 11. Ne5 Qxe2 12. Bxe2 Nd5 13. Ndc4 Bf6 14. Ng4 Be7 15. Bf3 b6 16. Nce3 Bb7 17. Nxd5 exd5 18. Re1 Ne4 19. c4 Bb4 20. Re2 Rad8 21. a3 Bc5 22. Bf4 Ba6 23. Bxe4 dxe4 24. Ne5 Rfe8 25. Rae1 f6 26. Nc6 Bxc4 27. Nxd8 Bxe2 28. Nc6 Bd3 29. b4 Bf8 30. Be3 Ra8 31. Rc1 Kf7 32. h4 Ke6 33. Nd4+ Kd7 34. Bf4 Bd6 35. Bxd6 Kxd6 36. Nf5+ Kd5 37. Nxg7 a5 38. Nh5 f5 39. Nf6+ Kd6 40. Nxh7 axb4 41. axb4 Rh8 42. Nf6 Rxh4 43. Ne8+ Ke5 44. Rc7 Rh8 45. Re7+ Kd5 46. Ng7 Rf8 47. Rc7 f4 48. Rc3 Rf7 49. Nh5 Kd4 50. Rc6 e3 51. Nxf4 Rxf4 52. fxe3+ Kxe3 53. Rxb6 Rg4 54. Kh2 Be4 55. g3 Rg8 56. Kh3 Kf2 57. Rf6+ Bf3 58. Kh4 Rg4+ 59. Kh5 Rxb4+ 60. Kg6 Kxg3 61. Kf5 Rb5+ 62. Ke6 Bg4+ 63. Kd6 Bf3 64. Ke6 Kf2 65. Rf4 Ke3 66. Ra4 Be4 67. Ra3+ Kf4 68. Ra6 Rh5 69. Ra1 Rh6+ 70. Ke7 Ke5 71. Rf1 Rh2 72. Re1 Rh7+ 73. Ke8 Kd5 74. Kf8 Rb7 75. Re2 Ke5 76. Ke8 Kf4 77. Re1 Bf5 78. Re7 Rb8+ 79. Kf7 Rh8 80. Re1 Be4 81. Rf1+ Ke5 82. Re1 Rh7+ 83. Ke8 Kf5 84. Re2 Rh4 85. Ke7 Ke5 86. Re1 Rh2 87. Re3 Rc2 88. Re1 Rd2 89. Re3 Kf4 90. Re1 Bf5 91. Kf6 Rd6+ 92. Ke7 Ra6 93. Rf1+ Kg5 94. Rg1+ Bg4 95. Rg2 Re6+ 96. Kf7 Rd6 97. Rg1 Rd7+ 98. Ke8 Rh7 99. Kd8 Kf4 100. Rf1+ Ke5 101. Re1+ Kd6 102. Ke8 Be6 103. Rd1+ Bd5 104. Kf8 Rf7+ 105. Ke8 Rg7 106. Rf1 Be6 107. Rd1+ Ke5 108. Re1+ Kf6 109. Rf1+ Bf5 110. Kd8 Rd7+ 1/2-1/2

[Event "CZE-ch (Women)"]
[Site "Prague"]
[Date "2019.06.19"]
[Round "5"]
[White "Rodshtein, Tereza"]
[Black "Laurincova, Kristyna"]
[Result "1/2-1/2"]
[WhiteElo "2213"]
[BlackElo "1984"]
[PlyCount "104"]
[EventDate "2019.06.15"]
[EventType "tourn"]
[EventRounds "9"]
[EventCountry "CZE"]
[SourceTitle "CBM 191 Extra"]
[Source "ChessBase"]
[SourceDate "2019.09.30"]
[SourceVersion "1"]
[SourceVersionDate "2019.09.30"]
[SourceQuality "1"]

1. e4 c5 2. Nf3 d6 3. d4 cxd4 4. Nxd4 Nf6 5. Nc3 g6 6. Be3 Bg7 7. Bc4 0-0 8. f3 Nc6 9. Qd2 Nd7 10. 0-0-0 Nb6 11. Be2 Ne5 12. b3 a6 13. h4 d5 14. Bh6 Bxh6 15. Qxh6 f6 16. exd5 Nxd5 17. Nxd5 Qxd5 18. Qe3 Qc5 19. h5 g5 20. Qe4 Kh8 21. Kb1 f5 22. Qe3 Nc6 23. g4 fxg4 24. fxg4 Rf4 25. c3 Bxg4 26. Bxg4 Rxg4 27. b4 Qc4 28. Nxc6 Qxc6 29. Qxe7 Re8 30. Qd7 Qe4+ 31. Qd3 h6 32. Qxe4 Rgxe4 33. Rd6 R4e6 34. Rd7 R8e7 35. Rd8+ Kg7 36. Kc2 Re5 37. a4 g4 38. Rg1 Rg5 39. Kb3 Kf6 40. Rd6+ Kg7 41. Rd4 g3 42. Rd3 g2 43. Rd2 Rxh5 44. Rdxg2+ Kf6 45. Rg6+ Kf5 46. Rb6 Rh3 47. Rf1+ Kg5 48. Rg1+ Kf5 49. a5 Rc7 50. Rf1+ Kg5 51. Rg1+ Kf4 52. Rf1+ Ke5 1/2-1/2

[Event "CZE-ch (Women)"]
[Site "Prague"]
[Date "2019.06.15"]
[Round "1"]
[White "Laurincova, Kristyna"]
[Black "Novosadova, Kristyna"]
[Result "1/2-1/2"]
[WhiteElo "1984"]
[BlackElo "2209"]
[PlyCount "61"]
[EventDate "2019.06.15"]
[EventType "tourn"]
[EventRounds "9"]
[EventCountry "CZE"]
[SourceTitle "CBM 191 Extra"]
[Source "ChessBase"]
[SourceDate "2019.09.30"]
[SourceVersion "1"]
[SourceVersionDate "2019.09.30"]
[SourceQuality "1"]

1. e4 c5 2. Nf3 Nc6 3. d4 cxd4 4. Nxd4 d6 5. Nc3 Nf6 6. Bc4 e6 7. 0-0 Be7 8. Bb3 0-0 9. Re1 Nd7 10. Be3 Nc5 11. Nxc6 bxc6 12. Bxc5 dxc5 13. e5 Ba6 14. Qg4 Rb8 15. Rad1 Qc7 16. Ne4 Qxe5 17. Rd7 c4 18. Rxe7 cxb3 19. axb3 Rb7 20. Rxb7 Bxb7 21. c3 f5 22. Qg3 Qxg3 23. Nxg3 Kf7 24. f3 Rd8 25. Kf2 Rd5 26. Ke3 g5 27. Nf1 Ba6 28. c4 Rd7 29. Ra1 Bc8 30. Nd2 Kf6 31. Ra5 1/2-1/2

[Event "CZE-chT U18 Extraliga final-A 1819"]
[Site "Czech Republic"]
[Date "2019.04.13"]
[Round "10.6"]
[White "Laurincova, Kristyna"]
[Black "Eret, Matous"]
[Result "0-1"]
[WhiteElo "1936"]
[BlackElo "2182"]
[PlyCount "70"]
[EventDate "2018.10.05"]
[EventType "team-tourn"]
[EventRounds "11"]
[EventCountry "CZE"]
[SourceTitle "EXT 2023"]
[Source "ChessBase"]
[SourceDate "2022.10.05"]
[SourceVersion "1"]
[SourceVersionDate "2022.10.05"]
[SourceQuality "1"]
[WhiteTeam "Frydek Mistek BSS (U18)"]
[BlackTeam "Klatovy (U18)"]
[WhiteTeamCountry "CZE"]
[BlackTeamCountry "CZE"]

1. e4 c5 2. Nf3 e6 3. d4 cxd4 4. Nxd4 a6 5. Nc3 Qc7 6. Bd3 Nf6 7. f4 d6 8. Qf3 Nbd7 9. g4 h6 10. h4 h5 11. g5 Ng4 12. Bd2 b5 13. 0-0-0 Bb7 14. Rhe1 Nb6 15. g6 0-0-0 16. Bxb5 e5 17. fxe5 dxe5 18. Nb3 axb5 19. Nxb5 Qc4 20. Qxf7 Qxb5 21. Ba5 Bc5 22. a4 Be3+ 23. Kb1 Qc6 24. Bxb6 Bxb6 25. a5 Bf2 26. Rf1 Ba6 27. Rxd8+ Rxd8 28. Rxf2 Nxf2 29. Qxf2 Rd1+ 30. Nc1 Rf1 31. Qg2 Qc5 32. Qh3+ Kc7 33. Qe6 Bc4 34. Qe8 Rxc1+ 35. Kxc1 Qe3+ 0-1